000
00214nam a22000857a 4500
001
1301112
005
20260429100046.0
245
_a
ALİ ULVİ KURUCU'NUN HATIRALARI 1
_c
M.ERTUĞRUL DÜZDAĞ
260
_b
KETEBE YAYINLARI
999
_c
1301112
_d
1301112